000 00454nam a22001697a 4500
999 _c12043
_d12043
008 220228b ||||| |||| 00| 0 eng d
020 _a9788182748569
082 _a303.48254095
_bJHA
100 _aJha, Pankaj K.
245 _a India and the Oceania : exploring vistas for cooperation
260 _aNew Delhi
_bPentagon press
_c2016
300 _axiv, 231p.
650 _aIndia
650 _aOceania
650 _aDiplomatic relations
942 _cBK